Енциклопедичні словники: паперовий та он-лайн варіанти (Запис № 285356)

МАРК-запис
000 -LEADER
fixed length control field 01680nam a22001577a 4500
041 ## - LANGUAGE CODE
Language code of text/sound track or separate title ukr
080 ## - UNIVERSAL DECIMAL CLASSIFICATION NUMBER
Universal Decimal Classification number 09
090 ## - LOCALLY ASSIGNED LC-TYPE CALL NUMBER (OCLC); LOCAL CALL NUMBER (OCLC)
Local cutter number (OCLC) ; Book number/undivided call number, CALL (RLIN) ШЕВ
100 ## - MAIN ENTRY--PERSONAL NAME
Personal name Шевцова, Ю. О.
245 ## - TITLE STATEMENT
Title Енциклопедичні словники: паперовий та он-лайн варіанти
260 ## - PUBLICATION, DISTRIBUTION, ETC. (IMPRINT)
Place of publication, distribution, etc Острог
Name of publisher, distributor, etc КАФ
Date of publication, distribution, etc 2013
300 ## - PHYSICAL DESCRIPTION
Extent 56
520 ## - SUMMARY, ETC.
Summary, etc Вступ.<br/>Розділ І. Паперові та електронні енциклопедичні словники.<br/>1.1. Словник та його різновиди: паперовий та електронний варіанти<br/>1.2. Проблеми та перспективи використання паперових та електронних словників у сучасному світі<br/>Розділ ІІ. Вікіпедія як найбільше он-лайнове джерело інформації.<br/>2.1. Історія створення вільної он-лайн енциклопедії<br/>2.2. Модель функціонування Вікіпедії<br/>2.3. Інформаційні та лінгвістичні особливості Вікіпедії<br/>Розділ ІІІ. Охорона праці та безпека в надзвичайних ситуаціях.<br/>3.1. Законодавча і нормативна база України з охорони праці<br/>3.2. Характеристика процедур управління ризиками<br/>Висновки.<br/>Список використаних джерел та літератури.<br/>Додатки.
-- словник, Вікіпедія, енциклопедія
650 ## - SUBJECT ADDED ENTRY--TOPICAL TERM
Topical term or geographic name as entry element Research Papers
942 ## - ADDED ENTRY ELEMENTS (KOHA)
Koha item type Книги
Фонди
Withdrawn status Lost status Source of classification or shelving scheme Damaged status Not for loan Home library Current library Date acquired Source of acquisition Cost, normal purchase price Total Checkouts Full call number Barcode Date last seen Price effective from Koha item type
    Universal Decimal Classification     ВІЛ - Відділ іноземн. літератури НБ ВІЛ - Відділ іноземн. літератури НБ 12/06/2013 Акт №7 1.00   09 215274 09/11/2021 12/06/2013 Книги